书目信息 |
| 题名: |
环境统计
|
|
| 作者: | 蔡宝森 编 | |
| 分册: | ||
| 出版信息: | 武汉 武汉工业大学出版社 2009.06 |
|
| 页数: | 340页 | |
| 开本: | 16开 | |
| 丛书名: | ||
| 单 册: | ||
| 中图分类: | X11 | |
| 科图分类: | ||
| 主题词: | 环境数学 | |
| 电子资源: | ||
| ISBN: | 978-7-5629-2917-8 | |
| 000 | 00540nam0 2200205 45 | |
| 001 | 1134739394 | |
| 005 | 20201023155210.61 | |
| 010 | @a978-7-5629-2917-8@dCNY35.00 | |
| 100 | @a19991210d2009 km y0chiy0120 ea | |
| 101 | @achi | |
| 200 | 1 | @a环境统计@AHuan Jing Tong Ji@f蔡宝森编@FCai Bao SenBian |
| 205 | @a2版 | |
| 210 | @a武汉@c武汉工业大学出版社@d2009.06 | |
| 215 | @a340页@d16开 | |
| 606 | 0 | @a环境数学 |
| 690 | @aX11@v3 | |
| 690 | @v3 | |
| 701 | @a蔡宝森@4编 | |
| 801 | @aCN@bPFTUser@c20110908 | |
| 905 | @dX11@eC777=2@b182760-774@f15 | |
| 环境统计/蔡宝森编.-2版.-武汉:武汉工业大学出版社,2009.06 |
| 340页;16开 |
| ISBN 978-7-5629-2917-8:CNY35.00 |
| ● |
| 相关链接 |
|
|
|
正题名:环境统计
索取号:X11/C777=2
 
预约/预借
| 序号 | 登录号 | 条形码 | 馆藏地/架位号 | 状态 | 备注 |
| 1 | 1453647 | 214536475 | 自科库501/501自科库 92排2列2层/ [索取号:X11/C777=2] | 在馆 | |
| 2 | 1453648 | 214536484 | 自科库501/501自科库 92排2列2层/ [索取号:X11/C777=2] | 在馆 | |
| 3 | 1453649 | 214536493 | 自科库501/501自科库 92排2列2层/ [索取号:X11/C777=2] | 在馆 | |
| 4 | 1453650 | 214536509 | 自科库501/501自科库 92排2列2层/ [索取号:X11/C777=2] | 在馆 | |
| 5 | 1453651 | 214536518 | 自科库501/501自科库 92排2列2层/ [索取号:X11/C777=2] | 在馆 | |
| 6 | 1453652 | 214536527 | 自科库501/501自科库 92排2列2层/ [索取号:X11/C777=2] | 在馆 | |
| 7 | 388043 | 203880434 | 城院文库/ [索取号:X11/C777=2] | 在馆 | |
| 8 | 476615 | 204766155 | 自科库501/501自科库 92排2列2层/ [索取号:X11/C777=2] | 在馆 | |
| 9 | 493825 | 204938256 | 自科库501/501自科库 92排2列2层/ [索取号:X11/C777=2] | 在馆 |